000 00376nam a22001697a 4500
005 20160624121727.0
008 160624b xxu||||| |||| 00| 0 eng d
020 _a978-0-07-014497-2
041 _aeng
082 _b9528
100 _aPradhan, Swapna
_91411
245 _aRetail Merchandising
260 _bTMH
300 _a217
650 _aManagement
_9241
942 _cBK
999 _c3828
_d3827